书目信息 |
| 书名: | REACTIVE POWER CONTROL IN ELECTRIC SYSTEMS | |
| 作者: | T.J.E.MILLER. | |
| 分册号: | ||
| 分册名: | 出版地: | New York : |
|
| 出版社: | JOHN WILEY & SONS | |
| 出版时间: | c1982. | |
| 页数: | 381 p. ; | |
| 开本: | 20cm. | |
| 丛书名: | ||
| 中图分类号: | ||
| 科图分类号: | ||
| 其他分类号: | TM714 | |
| 主题词: | ||
| 电子资源: | ||
| 000 | 00401nam 2200145 a 4500 | |
| 001 | E0732027699 | |
| 005 | 20070508085615.78 | |
| 008 | 070508s1982 00010 eng | |
| 020 | @a0-471-86933-3. | |
| 040 | @aPFT@beng | |
| 090 | @aTM714 | |
| 099 | @dTM714@ex1 | |
| 245 | 1 | @aREACTIVE POWER CONTROL IN ELECTRIC SYSTEMS / @cT.J.E.MILLER. |
| 260 | @aNew York :@bJOHN WILEY & SONS,@cc1982. | |
| 300 | @a381 p. ;@c20cm. | |
| REACTIVE POWER CONTROL IN ELECTRIC SYSTEMS / / T.J.E.MILLER.-New York : : JOHN WILEY & SONS, , c1982. |
| 381 p. ; ; 20cm. |
| ISBN 0-471-86933-3. |
| ● |
| 相关链接 |
|
|
|
|
正题名:REACTIVE POWER CONTROL IN ELECTRIC SYSTEMS
索取号:TM714/x1
 
预约/预借
| 序号 | 登录号 | 条形码 | 馆藏地/架位号 | 状态 | 备注 |
| 1 | 183313 | 000634647 | 第二样本阅览室/ [索取号:TM714/x1] | 在馆 |